Natural Environment and Rural Communities Bill (Record no. 120468)

MARC details
000 -LEADER
fixed length control field 01290cam a2200193 4500
001 - CONTROL NUMBER
control field ##L131147
008 - FIXED-LENGTH DATA ELEMENTS--GENERAL INFORMATION
fixed length control field 051004n 000 0 eng u
035 ## - SYSTEM CONTROL NUMBER
System control number (Sirsi) u131147
041 0# - LANGUAGE CODE
Language code of text/sound track or separate title eng
050 04 - LIBRARY OF CONGRESS CALL NUMBER
Classification number 333.72 $2 18
110 1# - MAIN ENTRY--CORPORATE NAME
Corporate name or jurisdiction name as entry element United Kingdom
Subordinate unit Department for Environment, Food and Rural Affairs
245 00 - TITLE STATEMENT
Title Natural Environment and Rural Communities Bill
520 ## - SUMMARY, ETC.
Summary, etc. The Natural Environment and Rural Communities Bill, published on 5 July 2005 in revised draft form, will create a new integrated agency - Natural England - to act as an independent and powerful guardian of the natural heritage in England and Wales. It will also formally establish a Commission for Rural Communities as an expert advisory body watching out for the interests of rural communities and people who are suffering from economic disadvantage and social exclusion. Lists the key elements of the Bill and other measures and provides the background to its development.
590 ## - LOCAL NOTE (RLIN)
Local note IKA111005
650 24 - SUBJECT ADDED ENTRY--TOPICAL TERM
Topical term or geographic name entry element NATURAL ENVIRONMENT AND RURAL COMMUNITIES BILL
690 ## - LOCAL SUBJECT ADDED ENTRY--TOPICAL TERM (OCLC, RLIN)
Topical term or geographic name as entry element ENVIRONMENTAL AND LAND CONSULTANCY-ENVIRONMENTAL MANAGEMENT-ENVIRONMENTAL CONSERVATION
856 40 - ELECTRONIC LOCATION AND ACCESS
Uniform Resource Identifier <a href="https://www.defra.gov.uk/rural/ruraldelivery/bill/default.htm">https://www.defra.gov.uk/rural/ruraldelivery/bill/default.htm</a>
Public note View the website free of charge at www.defra.gov.uk...
942 ## - ADDED ENTRY ELEMENTS (KOHA)
Suppress in OPAC 0
Holdings
Withdrawn status Lost status Source of classification or shelving scheme Damaged status Not for loan Home library Current library Shelving location Date acquired Total Checkouts Full call number Barcode Date last seen Copy number Price effective from Koha item type
    Dewey Decimal Classification     Virtual Virtual Online 04/10/2005   L131147 131147-2001 06/08/2019 1 06/08/2019 Online material